Rural Development in Eastern and Southern Africa (Record no. 9271)
[ view plain ]
| 000 -LEADER | |
|---|---|
| fixed length control field | 00405nam a22001457a 4500 |
| 003 - CONTROL NUMBER IDENTIFIER | |
| control field | OSt |
| 005 - DATE AND TIME OF LATEST TRANSACTION | |
| control field | 20240723113757.0 |
| 008 - FIXED-LENGTH DATA ELEMENTS--GENERAL INFORMATION | |
| fixed length control field | 240723b |||||||| |||| 00| 0 eng d |
| 040 ## - CATALOGING SOURCE | |
| Original cataloging agency | MUST |
| Transcribing agency | MUST |
| 100 ## - MAIN ENTRY--PERSONAL NAME | |
| Personal name | John C. Kabagambe...[et al] |
| 9 (RLIN) | 18954 |
| 245 ## - TITLE STATEMENT | |
| Title | Rural Development in Eastern and Southern Africa |
| Statement of responsibility, etc. | John C. Kabagambe |
| 300 ## - PHYSICAL DESCRIPTION | |
| Extent | 383p. |
| Other physical details | ill. |
| Dimensions | 28cm. |
| 650 ## - SUBJECT ADDED ENTRY--TOPICAL TERM | |
| Source of heading or term | Development |
| 942 ## - ADDED ENTRY ELEMENTS (KOHA) | |
| Source of classification or shelving scheme | Dewey Decimal Classification |
| Koha item type | Open Shelf |
| Withdrawn status | Lost status | Source of classification or shelving scheme | Damaged status | Not for loan | Home library | Current library | Date acquired | Source of acquisition | Inventory number | Total Checkouts | Barcode | Date last seen | Price effective from | Koha item type |
|---|---|---|---|---|---|---|---|---|---|---|---|---|---|---|
| Dewey Decimal Classification | MUST Main Library | MUST Main Library | 23/07/2024 | Purchase | 3601 | 2024-22122 | 23/07/2024 | 23/07/2024 | Open Shelf |
